FUNDAMENTAL OF INVESTMENT (Record no. 27021)

000 -LEADER
fixed length control field 00340nam a2200145Ia 4500
008 - FIXED-LENGTH DATA ELEMENTS--GENERAL INFORMATION
fixed length control field 200615s9999||||xx |||||||||||||| ||und||
020 ## - INTERNATIONAL STANDARD BOOK NUMBER
International Standard Book Number 8182180139
082 ## - DEWEY DECIMAL CLASSIFICATION NUMBER
Classification number 650
Item number FUN-S
100 ## - MAIN ENTRY--PERSONAL NAME
Personal name SINGH,YR
245 #0 - TITLE STATEMENT
Title FUNDAMENTAL OF INVESTMENT
250 ## - EDITION STATEMENT
Edition statement 1ST
260 ## - PUBLICATION, DISTRIBUTION, ETC.
Place of publication, distribution, etc. New Delhi
Name of publisher, distributor, etc. GALGOTIA PUB HOUSE
Date of publication, distribution, etc. 2018
300 ## - PHYSICAL DESCRIPTION
Extent 308
942 ## - ADDED ENTRY ELEMENTS (KOHA)
Koha item type Book
Holdings
Withdrawn status Lost status Source of classification or shelving scheme Damaged status Not for loan Collection code Permanent Location Current Location Shelving location Date acquired Cost, normal purchase price Total Checkouts Full call number Barcode Date last seen Price effective from Koha item type
          School of Management Central Library, MUIT, Lucknow Maharishi School of Business & Management (Lucknow) R67S1 2020-06-15 150.00   658 SOM0826 2020-06-15 2020-06-15 Reference Book

All Rights Reserved@MUIT

Powered by Koha